[Event "Lewkowitz Memorial B"]
[Site "Lewkowitz Memorial B"]
[Date "1994.??.??"]
[Round "?"]
[White "Enricci, Juan Andres"]
[Black "Normantas, Valentinas P"]
[Result "1/2-1/2"]
[WhiteElo "2505"]
[BlackElo "2620"]
[PlyCount "37"]
[EventDate "1994.??.??"]
[Source "www.chesslib.no"]
[SourceDate "2004.05.04"]

1. d4 Nf6 2. c4 g6 3. Nc3 Bg7 4. e4 d6 5. Nf3 O-O 6. Be2 e5 7. dxe5 dxe5 8. Qxd8 Rxd8 9. Bg5 Rf8 10. Nd5 Nxd5 11. cxd5 c6 12. Bc4 b5 13. Bb3 Bb7 14. Rc1 a5 15. a3 a4 16. Ba2 Rc8 17. Be3 Na6 18. dxc6 Bxc6 19. O-O 1/2-1/2

[Event "Corr"]
[Site "?"]
[Date "2002.11.15"]
[Round "?"]
[White "Schuster Peter"]
[Black "Vassia Elio (ITA)"]
[Result "1/2-1/2"]
[WhiteElo "2541"]
[BlackElo "2570"]
[PlyCount "79"]
[EventDate "2002.??.??"]
[Source "www.chesslib.no"]
[SourceDate "2004.05.04"]

1. d4 Nf6 2. c4 g6 3. Nc3 Bg7 4. e4 d6 5. Nf3 O-O 6. Be2 e5 7. dxe5 dxe5 8. Qxd8 Rxd8 9. Bg5 Re8 10. Nd5 Nxd5 11. cxd5 c6 12. Bc4 cxd5 13. Bxd5 Nd7 14. Nd2 Nc5 15. Nc4 Bf8 16. f3 Be6 17. Rd1 Rac8 18. Ne3 Na4 19. Bxb7 Rb8 20. Nd5 Bxd5 21. Bxd5 Rxb2 22. Bd2 Nb6 23. Bb3 Rd8 24. Rf1 Bc5 25. Bc3 Rxd1+ 26. Kxd1 Rxg2 27. f4 Rxh2 28. fxe5 Rf2 29. Rxf2 Bxf2 30. e6 fxe6 31. Bxe6+ Kf8 32. Ke2 Bc5 33. Kf3 Ke7 34. Bb3 Nd7 35. e5 Nf8 36. Bg8 Ne6 37. Ke4 Ba3 38. Kd5 Nf4+ 39. Ke4 Ne6 40. Kd5 1/2-1/2

[Event "Corr"]
[Site "?"]
[Date "2002.06.15"]
[Round "?"]
[White "Schuster Peter"]
[Black "Jorgensen Arne Bjorn (DEN)"]
[Result "1-0"]
[WhiteElo "2547"]
[BlackElo "2549"]
[PlyCount "83"]
[EventDate "2002.??.??"]
[Source "www.chesslib.no"]
[SourceDate "2004.05.04"]

1. d4 Nf6 2. c4 g6 3. Nc3 Bg7 4. e4 d6 5. Nf3 O-O 6. Be2 e5 7. dxe5 dxe5 8. Qxd8 Rxd8 9. Bg5 Re8 10. Nd5 Nxd5 11. cxd5 c6 12. Bc4 cxd5 13. Bxd5 Nd7 14. O-O-O h6 15. Bh4 Nb6 16. Bb3 Bg4 17. Rd3 Rac8+ 18. Kb1 a5 19. a3 a4 20. Ba2 Nc4 21. Nd2 b5 22. Nxc4 bxc4 23. Rc3 Be2 24. f3 Re6 25. Re1 Bd3+ 26. Rxd3 cxd3 27. Bxe6 fxe6 28. Rc1 Rb8 29. Rc3 g5 30. Bf2 Rd8 31. Kc1 Bf8 32. Rc6 Rb8 33. Be1 Kf7 34. Bc3 Kf6 35. Kd2 Rd8 36. g3 Bd6 37. Ra6 h5 38. Rxa4 g4 39. f4 Kf7 40. Bxe5 Bc5 41. Rc4 Be3+ 42. Kd1 1-0

[Event "USA Open"]
[Site "Fort Worth, TX USA"]
[Date "1984.??.??"]
[Round "6"]
[White "McCambridge, Vincent"]
[Black "Quinteros, Miguel A"]
[Result "1-0"]
[WhiteElo "2465"]
[BlackElo "2610"]
[PlyCount "133"]
[EventDate "1984.??.??"]
[Source "www.chesslib.no"]
[SourceDate "2004.05.04"]

1. d4 Nf6 2. c4 g6 3. Nc3 Bg7 4. e4 d6 5. Nf3 O-O 6. Be2 e5 7. dxe5 dxe5 8. Qxd8 Rxd8 9. Bg5 Nbd7 10. O-O-O Rf8 11. Nd5 c6 12. Ne7+ Kh8 13. Be3 Re8 14. Nxc8 Rexc8 15. Ng5 Kg8 16. Bg4 Rd8 17. Bxd7 Nxd7 18. Kc2 Nf6 19. f3 b6 20. Nh3 Ne8 21. a4 Bf8 22. Nf2 Nd6 23. Bg5 Re8 24. b3 f5 25. Rhe1 Nf7 26. Be3 f4 27. Bc1 Bc5 28. Nd3 Bd4 29. Nxf4 Nd8 30. Ne2 Ne6 31. Bb2 c5 32. Bxd4 cxd4 33. Nc1 a5 34. Nd3 Nc5 35. f4 exf4 36. Nxf4 Rf8 37. Nd3 Rae8 38. e5 Rf5 39. Rd2 Kf7 40. Ree2 Ke6 41. g3 g5 42. h4 gxh4 43. gxh4 Rg8 44. Rf2 Rg3 45. Rxf5 Kxf5 46. Rf2+ Ke4 47. Nxc5+ bxc5 48. e6 Rg8 49. e7 Re8 50. Rf7 h5 51. Rh7 Kf3 52. Rxh5 Rxe7 53. Rxc5 Re3 54. Rxa5 Ke4 55. Kb2 Kd3 56. c5 Re2+ 57. Ka3 Re6 58. Ra8 Kc3 59. a5 Rc6 60. Ka4 Rxc5 61. a6 Rc7 62. Rd8 d3 63. Ka5 Rh7 64. b4 Rh5+ 65. b5 Kc4 66. a7 Rxb5+ 67. Ka6 1-0

[Event "Linares"]
[Site "?"]
[Date "1996.??.??"]
[Round "?"]
[White "Nogueiras, J."]
[Black "Agnos, D."]
[Result "1-0"]
[WhiteElo "2555"]
[BlackElo "2460"]
[PlyCount "54"]
[EventDate "1996.??.??"]
[Source "ChessBase"]
[SourceDate "1996.02.01"]

1. d4 Nf6 2. c4 g6 3. Nc3 Bg7 4. e4 d6 5. Nf3 O-O 6. Be2 e5 7. dxe5 dxe5 8. Qxd8 Rxd8 9. Bg5 Re8 10. Nd5 Nxd5 11. cxd5 c6 12. Bc4 cxd5 13. Bxd5 Nd7 14. Nd2 Nc5 15. O-O-O Ne6 16. Be3 Nf4 17. Bxf4 exf4 18. f3 Be6 19. Nb3 Rac8+ 20. Kb1 Bxd5 21. Rxd5 f5 22. exf5 Re2 23. Rd2 Rxd2 24. Nxd2 gxf5 25. Nb3 Re8 26. Nc1 Rd8 27. Kc2 Rc8+ 1-0

[Event "Open"]
[Site "Biel op"]
[Date "1991.??.??"]
[Round "5"]
[White "Bellon Lopez, Juan Manuel"]
[Black "Kindermann, Stefan E S"]
[Result "1/2-1/2"]
[WhiteElo "2495"]
[BlackElo "2515"]
[PlyCount "56"]
[EventDate "1991.??.??"]
[Source "www.chesslib.no"]
[SourceDate "2004.05.04"]

1. d4 Nf6 2. c4 g6 3. Nc3 Bg7 4. e4 d6 5. Nf3 O-O 6. Be2 e5 7. dxe5 dxe5 8. Qxd8 Rxd8 9. Bg5 c6 10. Nxe5 Re8 11. O-O-O Na6 12. f4 h6 13. Bh4 g5 14. Bf2 gxf4 15. Nf3 Ng4 16. Bd4 Ne3 17. Rd2 Bg4 18. h3 Bxf3 19. gxf3 Bxd4 20. Rxd4 Rad8 21. Rxd8 Rxd8 22. Nd1 Nxd1 23. Bxd1 Nb4 24. Be2 Nd3+ 25. Kc2 Ne5 26. c5 Kg7 27. Kc3 Kf6 28. Rg1 Ng6 1/2-1/2

[Event "Finjub30 GM1"]
[Site "Finjub30 GM1"]
[Date "1992.??.??"]
[Round "?"]
[White "Rotariu, Gheorghe S"]
[Black "Franzen, Jozef"]
[Result "0-1"]
[WhiteElo "2425"]
[BlackElo "2585"]
[PlyCount "44"]
[EventDate "1992.??.??"]
[Source "www.chesslib.no"]
[SourceDate "2004.05.04"]

1. d4 Nf6 2. c4 g6 3. Nc3 Bg7 4. e4 d6 5. Nf3 O-O 6. Be2 e5 7. dxe5 dxe5 8. Qxd8 Rxd8 9. Bg5 c6 10. Nxe5 Re8 11. O-O-O Na6 12. Rd6 Be6 13. Be3 Nxe4 14. Nxe4 Bxe5 15. Rd2 f5 16. Nc3 f4 17. Bd4 Bf5 18. f3 Bxd4 19. Rxd4 Nb4 20. Bf1 Re1+ 21. Kd2 Nc2 22. Rxf4 Rd8+ 0-1

[Event "It Open"]
[Site "Greece"]
[Date "1995.??.??"]
[Round "?"]
[White "Nikcevic, Nebojsa"]
[Black "Kotronias, Vasilios"]
[Result "0-1"]
[WhiteElo "2435"]
[BlackElo "2570"]
[PlyCount "100"]
[EventDate "1995.??.??"]
[Source "www.chesslib.no"]
[SourceDate "2004.05.04"]

1. d4 Nf6 2. c4 g6 3. Nc3 Bg7 4. e4 d6 5. Nf3 O-O 6. Be2 e5 7. dxe5 dxe5 8. Qxd8 Rxd8 9. Nd5 Nxd5 10. cxd5 c6 11. Bc4 b5 12. Bb3 Bb7 13. Bg5 Rc8 14. Rd1 h6 15. Be3 c5 16. h4 f5 17. h5 c4 18. Bc2 f4 19. Bd2 g5 20. a4 a6 21. Bc3 Nd7 22. Ke2 Re8 23. Ra1 Bf8 24. axb5 axb5 25. Rxa8 Rxa8 26. b4 Ra2 27. Ne1 Nf6 28. Kd1 Bd6 29. Kc1 g4 30. Rh4 Kf7 31. Kb1 Ra8 32. Kb2 Bc8 33. g3 f3 34. Bd2 Bd7 35. Rh1 Kg7 36. Rh2 Be8 37. Bb1 Bxh5 38. Nc2 Bg6 39. Rxh6 Bxe4 40. Bg5 c3+ 41. Kxc3 Nxd5+ 42. Kb2 Be7 43. Bd2 Nf4 44. Rb6 Nd3+ 45. Kb3 Nxf2 46. Rxb5 Bf6 47. Bc3 Nd1 48. Ne3 Nxc3 49. Kxc3 Bxb1 50. Nxg4 Bf5 0-1

[Event "Mirko Srajber mem 8th"]
[Site "Subotica"]
[Date "2003.12.08"]
[Round "11"]
[White "Predojevic, Borki"]
[Black "Markus, Robert"]
[Result "1/2-1/2"]
[WhiteElo "2462"]
[BlackElo "2522"]
[PlyCount "23"]
[EventDate "2003.11.06"]
[Source "ChessBase"]
[SourceDate "2004.03.30"]

1. d4 Nf6 2. c4 g6 3. Nc3 Bg7 4. e4 d6 5. Nf3 O-O 6. Be2 e5 7. dxe5 dxe5 8. Qxd8 Rxd8 9. Nd5 Nxd5 10. cxd5 c6 11. Bc4 b5 12. Bb3 1/2-1/2

[Event "Zonal"]
[Site "Odorheiu Secuiesc Zt"]
[Date "1995.??.??"]
[Round "9"]
[White "Delchev, Aleksander"]
[Black "Groszpeter, Attila"]
[Result "1/2-1/2"]
[WhiteElo "2450"]
[BlackElo "2520"]
[PlyCount "22"]
[EventDate "1995.??.??"]
[Source "www.chesslib.no"]
[SourceDate "2004.05.04"]

1. d4 Nf6 2. c4 g6 3. Nc3 Bg7 4. e4 d6 5. Nf3 O-O 6. Be2 e5 7. dxe5 dxe5 8. Qd2 Qe8 9. Nxe5 Qxe5 10. Qe3 Qxh2 11. Nb5 Bd7 1/2-1/2

[Event "Corfu GRE"]
[Site "Corfu GRE"]
[Date "1995.??.??"]
[Round "3"]
[White "Nikolaidis, Ioannis"]
[Black "Grivas, Efstratios"]
[Result "1-0"]
[WhiteElo "2495"]
[BlackElo "2460"]
[PlyCount "149"]
[EventDate "1995.??.??"]
[Source "www.chesslib.no"]
[SourceDate "2004.05.04"]

1. d4 Nf6 2. c4 g6 3. Nc3 Bg7 4. e4 d6 5. Nf3 O-O 6. Be2 e5 7. dxe5 dxe5 8. Qxd8 Rxd8 9. Bg5 Re8 10. Nd5 Nxd5 11. cxd5 c6 12. Bc4 cxd5 13. Bxd5 Nd7 14. Nd2 Nc5 15. Ke2 Ne6 16. Be3 Nf4+ 17. Bxf4 exf4 18. Rac1 Be6 19. Bxe6 Rxe6 20. Rc4 Rd8 21. b3 b5 22. Rc7 Ra6 23. Rc2 Re6 24. Rhc1 Red6 25. Nf3 Ra6 26. Rd1 Re8 27. Kf1 h6 28. e5 g5 29. h3 Bxe5 30. Rd5 Bf6 31. Rxb5 Re7 32. Rd5 Kg7 33. Nd4 Kg6 34. Nf3 h5 35. a4 Rae6 36. Rd1 Rb6 37. Rd3 Reb7 38. Nd2 Re6 39. f3 Rbe7 40. Ne4 Be5 41. Nc5 Rc6 42. b4 f6 43. b5 Rc8 44. Rd5 Rec7 45. Ke2 Re7 46. Kd3 g4 47. hxg4 hxg4 48. Ne4 Rxc2 49. Kxc2 gxf3 50. gxf3 Rh7 51. Rd3 Rh2+ 52. Kb3 Rb2+ 53. Kc4 f5 54. Nc5 Re2 55. Kd5 Bc7 56. Kc6 Ba5 57. Nb3 Be1 58. a5 Re3 59. Nc5 Bxa5 60. Rd6+ Kh5 61. Rf6 Kg5 62. Rf8 Rc3 63. Kd5 Bb6 64. Ne6+ Kh4 65. Nxf4 Kg3 66. Nh5+ Kxf3 67. Rxf5+ Kg4 68. Ng7 Rd3+ 69. Ke4 Rd4+ 70. Ke5 Rd1 71. Rf4+ Kg5 72. Ne6+ Kh6 73. Rf6+ Kh5 74. Kf5 Rf1+ 75. Nf4+ 1-0

[Event "23 EU Final CCYB"]
[Site "23 EU Final CCYB"]
[Date "1992.??.??"]
[Round "?"]
[White "Rotariu, G."]
[Black "Usatchy, MV."]
[Result "1-0"]
[WhiteElo "2425"]
[BlackElo "2520"]
[PlyCount "115"]
[EventDate "1992.??.??"]
[Source "www.chesslib.no"]
[SourceDate "2004.05.04"]

1. d4 Nf6 2. c4 g6 3. Nc3 Bg7 4. e4 d6 5. Nf3 O-O 6. Be2 e5 7. dxe5 dxe5 8. Qxd8 Rxd8 9. Bg5 Na6 10. Nd5 Rd6 11. Bxf6 Bxf6 12. Nxf6+ Rxf6 13. Nxe5 Re6 14. f4 Nc5 15. O-O-O f6 16. Ng4 Nxe4 17. Bf3 Kg7 18. Rhe1 Nc5 19. Ne3 Re8 20. b4 Ne6 21. Nd5 c6 22. Nc3 Kf8 23. b5 cxb5 24. Nxb5 a6 25. Nd6 Re7 26. f5 Nc5 27. Ne4 Nxe4 28. Rd8+ Re8 29. Rxe8+ Kxe8 30. Rxe4+ Kd8 31. Rh4 Bxf5 32. Bxb7 Ra7 33. Rxh7 g5 34. Rh8+ Kc7 35. Bd5 Kd6 36. Kd2 Be6 37. Bxe6 Kxe6 38. Kc3 g4 39. g3 f5 40. a4 a5 41. Kd4 Rd7+ 42. Kc5 Rb7 43. Rh6+ Ke5 44. Kc6 Rb4 45. c5 Rxa4 46. Kd7 Ra2 47. c6 Rd2+ 48. Ke7 Rc2 49. Re6+ Kd5 50. Kd7 Rxh2 51. c7 Rh7+ 52. Re7 Rh8 53. Re8 Rh7+ 54. Kd8 Rxc7 55. Kxc7 a4 56. Ra8 a3 57. Rxa3 f4 58. Ra4 1-0

[Event "Capablanca mem-B"]
[Site "Cienfuegos"]
[Date "1985.??.??"]
[Round "5"]
[White "Tatai, Stefano"]
[Black "Vogt, Lothar"]
[Result "1/2-1/2"]
[WhiteElo "2475"]
[BlackElo "2460"]
[PlyCount "37"]
[EventDate "1985.??.??"]
[Source "ChessBase"]

1. d4 Nf6 2. c4 g6 3. Nc3 Bg7 4. e4 d6 5. Nf3 O-O 6. Be2 e5 7. dxe5 dxe5 8. Qxd8 Rxd8 9. Bg5 Re8 10. Nd5 Nxd5 11. cxd5 c6 12. Bc4 cxd5 13. Bxd5 Nd7 14. Rc1 h6 15. Be3 Nf6 16. Bb3 Nxe4 17. Rc7 Be6 18. Bxe6 Rxe6 19. Rxb7 1/2-1/2

[Event "Corr"]
[Site "?"]
[Date "1999.??.??"]
[Round "?"]
[White "Bericat Angel Hugo"]
[Black "Mujica Mario Gustavo"]
[Result "1-0"]
[WhiteElo "2540"]
[BlackElo "2384"]
[PlyCount "57"]
[EventDate "1999.??.??"]
[Source "www.chesslib.no"]
[SourceDate "2004.05.04"]

1. d4 Nf6 2. c4 g6 3. Nc3 Bg7 4. e4 d6 5. Nf3 O-O 6. Be2 e5 7. dxe5 dxe5 8. Qxd8 Rxd8 9. Bg5 c6 10. Nxe5 Re8 11. f4 Na6 12. O-O-O Nc5 13. Bf3 h6 14. Bxf6 Bxf6 15. Nd3 Ne6 16. e5 Be7 17. Ne4 Nd4 18. Nd6 Rd8 19. Ne1 c5 20. Nxb7 Bxb7 21. Bxb7 Ne2+ 22. Kc2 Rab8 23. Rxd8+ Bxd8 24. Bd5 Nxf4 25. Bxf7+ Kxf7 26. Rf1 Ke6 27. Rxf4 Kxe5 28. Nd3+ Kd6 29. Rf8 1-0